Library of the University of Algiers 3
Ibrahim Sultan Cheibout
شعار جامعة الجزائر 3
مكتبة جامعة الجزائر 3
إبراهيم سلطان شيبوط

محاسبة المؤسسة طبقا للمعايير المحاسبية الدولية IAS/IFRS : (رقم التسجيلة. 46277)

تفاصيل مارك
000 -LEADER
fixed length control field 01266nam a2200241Ia 4500
003 - CONTROL NUMBER IDENTIFIER
control field Ost
005 - DATE AND TIME OF LATEST TRANSACTION
control field 20260507075801.0
008 - FIXED-LENGTH DATA ELEMENTS--GENERAL INFORMATION
fixed length control field 260507s9999||||xx |||||||||||||| ||und||
020 ## - INTERNATIONAL STANDARD BOOK NUMBER
International Standard Book Number 9789947898109
040 ## - CATALOGING SOURCE
Transcribing agency fsecg
041 ## - LANGUAGE CODE
Language code of text/sound track or separate title ara
082 ## - DEWEY DECIMAL CLASSIFICATION NUMBER
Classification number 657.95
100 ## - MAIN ENTRY--PERSONAL NAME
Personal name شنوف، شعيب
Relator term مؤلف
245 #0 - TITLE STATEMENT
Title محاسبة المؤسسة طبقا للمعايير المحاسبية الدولية IAS/IFRS :
Remainder of title الجزء الأول /
Statement of responsibility, etc. شعيب شنوف
260 ## - PUBLICATION, DISTRIBUTION, ETC.
Place of publication, distribution, etc. الجزائر :
Name of publisher, distributor, etc. مكتبة الشركة الجزائرية بوداود,
300 ## - PHYSICAL DESCRIPTION
Extent 278 صفحة؛
Other physical details إيضاحات ؛
Dimensions 23 سم
504 ## - BIBLIOGRAPHY, ETC. NOTE
Bibliography, etc. note بيبليوغرافيا: ص ص272-278
520 ## - SUMMARY, ETC.
Summary, etc. يضم المحاسبة العامة بما فيها النظام المحاسبي المالي الجديد للمؤسسات ، النظم المحاسبية المقارنة، المعايير المحاسبية الدولية التي تحكم إعداد القوائم المالية ، التحليل المالي الحديث، أمثلة وتطبيقات حول النظام المحاسبي الجديد للمؤسسات.
653 ## - INDEX TERM--UNCONTROLLED
Uncontrolled term الشركات- المحاسبة
653 ## - INDEX TERM--UNCONTROLLED
Uncontrolled term المحاسبة
653 ## - INDEX TERM--UNCONTROLLED
Uncontrolled term المحاسبة الدولية
942 ## - ADDED ENTRY ELEMENTS (KOHA)
Koha item type كتب
المقتنيات
Withdrawn status Lost status Source of classification or shelving scheme Damaged status Not for loan Home library Current library Date acquired Serial enumeration / chronology Inventory number Total checkouts Full call number Barcode Date last seen Price effective from Koha item type
    Library of Congress Classification   NOT LOAN / إعارة داخلية مكتبة كلية العلوم الإقتصادية والعلوم التجارية وعلوم التسيير مكتبة كلية العلوم الإقتصادية والعلوم التجارية وعلوم التسيير 07/05/2026 الطابق الأرضي 025.21/529   483/025.21ج1ن01 025.21/529 07/05/2026 07/05/2026 كتب

موارد الويب المفتوحة


© University of Algiers 3 All Rights Reserved
|
Implemented by LECHELAH Riad